000
00276nam a2200097Ia 4500
008
220204s9999 xx 000 0 und d
082
_a
NR:339.13 (595)
_b
MAR.15
245
0
_a
Marketing Malaysian rubber products overseas. V 15
260
_a
Kuala Lumpur
_b
MRRDB
_c
1979
942
_c
BK
999
_c
34270
_d
34270